<?xml version="1.0" encoding="UTF-8"?>
<marc:record xmlns:marc="http://www.loc.gov/MARC21/slim" type="Bibliographic">
   <marc:leader>00000pim a2200000 c 4500</marc:leader>
   <marc:controlfield tag="001">1181889944</marc:controlfield>
   <marc:controlfield tag="003">DE-101</marc:controlfield>
   <marc:controlfield tag="005">20190731223030.0</marc:controlfield>
   <marc:controlfield tag="007">sd||||||||||||</marc:controlfield>
   <marc:controlfield tag="007">co||||||||||||</marc:controlfield>
   <marc:controlfield tag="008">190327s2019    gw |||||q|||||||||||ger  </marc:controlfield>
   <marc:datafield ind1=" " ind2=" " tag="015">
      <marc:subfield code="a">19,A32</marc:subfield>
      <marc:subfield code="z">19,N14</marc:subfield>
      <marc:subfield code="2">dnb</marc:subfield>
   </marc:datafield>
   <marc:datafield ind1="7" ind2=" " tag="016">
      <marc:subfield code="2">DE-101</marc:subfield>
      <marc:subfield code="a">1181889944</marc:subfield>
   </marc:datafield>
   <marc:datafield ind1=" " ind2=" " tag="020">
      <marc:subfield code="a">9783837311266</marc:subfield>
      <marc:subfield code="c">in Behältnis : EUR 10.00 (DE) (freier Preis), EUR 10.10 (AT) (freier Preis)</marc:subfield>
      <marc:subfield code="9">978-3-8373-1126-6</marc:subfield>
   </marc:datafield>
   <marc:datafield ind1=" " ind2=" " tag="020">
      <marc:subfield code="a">3837311260</marc:subfield>
      <marc:subfield code="9">3-8373-1126-0</marc:subfield>
   </marc:datafield>
   <marc:datafield ind1="3" ind2=" " tag="024">
      <marc:subfield code="a">9783837311266</marc:subfield>
   </marc:datafield>
   <marc:datafield ind1="5" ind2="2" tag="028">
      <marc:subfield code="a">Bestellnummer: 7711266</marc:subfield>
   </marc:datafield>
   <marc:datafield ind1=" " ind2=" " tag="035">
      <marc:subfield code="a">(DE-599)DNB1181889944</marc:subfield>
   </marc:datafield>
   <marc:datafield ind1=" " ind2=" " tag="035">
      <marc:subfield code="a">(OCoLC)1091363359</marc:subfield>
   </marc:datafield>
   <marc:datafield ind1=" " ind2=" " tag="040">
      <marc:subfield code="a">1245</marc:subfield>
      <marc:subfield code="b">ger</marc:subfield>
      <marc:subfield code="c">DE-101</marc:subfield>
      <marc:subfield code="d">9999</marc:subfield>
      <marc:subfield code="e">rda</marc:subfield>
   </marc:datafield>
   <marc:datafield ind1=" " ind2=" " tag="041">
      <marc:subfield code="a">ger</marc:subfield>
   </marc:datafield>
   <marc:datafield ind1=" " ind2=" " tag="044">
      <marc:subfield code="c">XA-DE-HH</marc:subfield>
   </marc:datafield>
   <marc:datafield ind1="7" ind2="4" tag="082">
      <marc:subfield code="a">K</marc:subfield>
      <marc:subfield code="q">DE-101</marc:subfield>
      <marc:subfield code="2">23sdnb</marc:subfield>
   </marc:datafield>
   <marc:datafield ind1="1" ind2=" " tag="100">
      <marc:subfield code="0">(DE-588)123456673</marc:subfield>
      <marc:subfield code="0">http://d-nb.info/gnd/123456673</marc:subfield>
      <marc:subfield code="0">(DE-101)123456673</marc:subfield>
      <marc:subfield code="a">Singer, Theresia</marc:subfield>
      <marc:subfield code="e">Verfasser</marc:subfield>
      <marc:subfield code="4">aut</marc:subfield>
   </marc:datafield>
   <marc:datafield ind1="1" ind2="0" tag="245">
      <marc:subfield code="a">Schau mal, was ich kann, Pettersson!</marc:subfield>
      <marc:subfield code="b">Hörspiel</marc:subfield>
      <marc:subfield code="c">Erzählerin: Laura Maire [und weitere] ; Hörspielbearbeitung: Theresia Singer</marc:subfield>
   </marc:datafield>
   <marc:datafield ind1="1" ind2=" " tag="246">
      <marc:subfield code="i">Abweichender Titel</marc:subfield>
      <marc:subfield code="a">Sven Nordqvist, Schau mal, was ich kann, Pettersson!</marc:subfield>
   </marc:datafield>
   <marc:datafield ind1=" " ind2="1" tag="264">
      <marc:subfield code="a">Hamburg</marc:subfield>
      <marc:subfield code="b">Oetinger AUDIO</marc:subfield>
      <marc:subfield code="c">[2019]</marc:subfield>
   </marc:datafield>
   <marc:datafield ind1=" " ind2=" " tag="300">
      <marc:subfield code="a">1 CD</marc:subfield>
      <marc:subfield code="e">1 Booklet (4 ungezählte Seiten)</marc:subfield>
   </marc:datafield>
   <marc:datafield ind1=" " ind2=" " tag="336">
      <marc:subfield code="a">gesprochenes Wort</marc:subfield>
      <marc:subfield code="b">spw</marc:subfield>
      <marc:subfield code="2">rdacontent</marc:subfield>
   </marc:datafield>
   <marc:datafield ind1=" " ind2=" " tag="337">
      <marc:subfield code="a">audio</marc:subfield>
      <marc:subfield code="b">s</marc:subfield>
      <marc:subfield code="2">rdamedia</marc:subfield>
   </marc:datafield>
   <marc:datafield ind1=" " ind2=" " tag="338">
      <marc:subfield code="a">Audiodisk</marc:subfield>
      <marc:subfield code="b">sd</marc:subfield>
      <marc:subfield code="2">rdacarrier</marc:subfield>
   </marc:datafield>
   <marc:datafield ind1=" " ind2=" " tag="385">
      <marc:subfield code="0">(DE-588)4064017-6</marc:subfield>
      <marc:subfield code="0">http://d-nb.info/gnd/4064017-6</marc:subfield>
      <marc:subfield code="0">(DE-101)040640175</marc:subfield>
      <marc:subfield code="a">Vorschulkind</marc:subfield>
      <marc:subfield code="2">gnd</marc:subfield>
   </marc:datafield>
   <marc:datafield ind1=" " ind2=" " tag="653">
      <marc:subfield code="a">(Produktform)CD-Audio</marc:subfield>
   </marc:datafield>
   <marc:datafield ind1=" " ind2=" " tag="653">
      <marc:subfield code="a">(Zielgruppe)ab 4 Jahren</marc:subfield>
   </marc:datafield>
   <marc:datafield ind1=" " ind2=" " tag="653">
      <marc:subfield code="a">(Lesealter)ab 4 Jahre</marc:subfield>
   </marc:datafield>
   <marc:datafield ind1=" " ind2=" " tag="653">
      <marc:subfield code="a">(Produktform (spezifisch))CD standard audio format</marc:subfield>
   </marc:datafield>
   <marc:datafield ind1=" " ind2=" " tag="653">
      <marc:subfield code="a">PetterssonUndFindus</marc:subfield>
   </marc:datafield>
   <marc:datafield ind1=" " ind2=" " tag="653">
      <marc:subfield code="a">sprechende Tiere</marc:subfield>
   </marc:datafield>
   <marc:datafield ind1=" " ind2=" " tag="653">
      <marc:subfield code="a">Tiere</marc:subfield>
   </marc:datafield>
   <marc:datafield ind1=" " ind2=" " tag="653">
      <marc:subfield code="a">Skandinavien</marc:subfield>
   </marc:datafield>
   <marc:datafield ind1=" " ind2=" " tag="653">
      <marc:subfield code="a">Freundschaft</marc:subfield>
   </marc:datafield>
   <marc:datafield ind1=" " ind2=" " tag="653">
      <marc:subfield code="a">(Produktgruppe)77: Oetinger Media</marc:subfield>
   </marc:datafield>
   <marc:datafield ind1=" " ind2=" " tag="653">
      <marc:subfield code="a">(VLB-Produktgruppen)TQ500: Hörbücher</marc:subfield>
   </marc:datafield>
   <marc:datafield ind1=" " ind2=" " tag="653">
      <marc:subfield code="a">(VLB-Produktgruppen)SD400: Audio-CD</marc:subfield>
   </marc:datafield>
   <marc:datafield ind1=" " ind2=" " tag="653">
      <marc:subfield code="a">(VLB-WN)5211: Audio-CD, Kassette / Kinder- und Jugendbücher/Erzählerische Bilderbücher</marc:subfield>
   </marc:datafield>
   <marc:datafield ind1=" " ind2="7" tag="655">
      <marc:subfield code="0">(DE-588)4522869-3</marc:subfield>
      <marc:subfield code="0">http://d-nb.info/gnd/4522869-3</marc:subfield>
      <marc:subfield code="0">(DE-101)955174880</marc:subfield>
      <marc:subfield code="a">CD</marc:subfield>
      <marc:subfield code="2">gnd-carrier</marc:subfield>
   </marc:datafield>
   <marc:datafield ind1=" " ind2="7" tag="655">
      <marc:subfield code="0">(DE-588)4025435-5</marc:subfield>
      <marc:subfield code="0">http://d-nb.info/gnd/4025435-5</marc:subfield>
      <marc:subfield code="0">(DE-101)040254356</marc:subfield>
      <marc:subfield code="a">Hörspiel</marc:subfield>
      <marc:subfield code="2">gnd-content</marc:subfield>
   </marc:datafield>
   <marc:datafield ind1=" " ind2="7" tag="655">
      <marc:subfield code="0">(DE-588)4006604-6</marc:subfield>
      <marc:subfield code="0">http://d-nb.info/gnd/4006604-6</marc:subfield>
      <marc:subfield code="0">(DE-101)040066045</marc:subfield>
      <marc:subfield code="a">Bilderbuch</marc:subfield>
      <marc:subfield code="2">gnd-content</marc:subfield>
   </marc:datafield>
   <marc:datafield ind1=" " ind2="7" tag="655">
      <marc:subfield code="0">(DE-101)1010673823</marc:subfield>
      <marc:subfield code="a">Erzählerische Bilderbücher</marc:subfield>
      <marc:subfield code="2">gatbeg</marc:subfield>
   </marc:datafield>
   <marc:datafield ind1="1" ind2=" " tag="700">
      <marc:subfield code="0">(DE-588)132289784</marc:subfield>
      <marc:subfield code="0">http://d-nb.info/gnd/132289784</marc:subfield>
      <marc:subfield code="0">(DE-101)132289784</marc:subfield>
      <marc:subfield code="a">Maire, Laura</marc:subfield>
      <marc:subfield code="d">1979-</marc:subfield>
      <marc:subfield code="e">Erzähler</marc:subfield>
      <marc:subfield code="4">nrt</marc:subfield>
   </marc:datafield>
   <marc:datafield ind1="1" ind2=" " tag="700">
      <marc:subfield code="a">Wawrczeck, Jens</marc:subfield>
      <marc:subfield code="e">Erzähler</marc:subfield>
      <marc:subfield code="4">nrt</marc:subfield>
   </marc:datafield>
   <marc:datafield ind1="1" ind2=" " tag="700">
      <marc:subfield code="a">Maire, Fred</marc:subfield>
      <marc:subfield code="e">Erzähler</marc:subfield>
      <marc:subfield code="4">nrt</marc:subfield>
   </marc:datafield>
   <marc:datafield ind1="2" ind2=" " tag="710">
      <marc:subfield code="0">(DE-588)1065491743</marc:subfield>
      <marc:subfield code="0">http://d-nb.info/gnd/1065491743</marc:subfield>
      <marc:subfield code="0">(DE-101)1065491743</marc:subfield>
      <marc:subfield code="a">Oetinger Media GmbH</marc:subfield>
      <marc:subfield code="e">Verlag</marc:subfield>
      <marc:subfield code="4">pbl</marc:subfield>
   </marc:datafield>
   <marc:datafield ind1=" " ind2=" " tag="850">
      <marc:subfield code="a">DE-101a</marc:subfield>
      <marc:subfield code="a">DE-101b</marc:subfield>
   </marc:datafield>
   <marc:datafield ind1="4" ind2="2" tag="856">
      <marc:subfield code="m">X:MVB</marc:subfield>
      <marc:subfield code="q">text/html</marc:subfield>
      <marc:subfield code="u">http://deposit.dnb.de/cgi-bin/dokserv?id=3c9140fa114b4f79a8fc057f93481ecb&amp;prov=M&amp;dok_var=1&amp;dok_ext=htm</marc:subfield>
      <marc:subfield code="3">Inhaltstext</marc:subfield>
   </marc:datafield>
   <marc:datafield ind1="r" ind2=" " tag="925">
      <marc:subfield code="a">ra</marc:subfield>
   </marc:datafield>
   <marc:datafield ind1="2" ind2=" " tag="926">
      <marc:subfield code="a">Y</marc:subfield>
      <marc:subfield code="o">93</marc:subfield>
      <marc:subfield code="q">Publisher</marc:subfield>
      <marc:subfield code="v">1.2</marc:subfield>
      <marc:subfield code="x">Kinder, Jugendliche und Bildung</marc:subfield>
   </marc:datafield>
   <marc:datafield ind1="2" ind2=" " tag="926">
      <marc:subfield code="a">1DNS</marc:subfield>
      <marc:subfield code="o">94</marc:subfield>
      <marc:subfield code="q">Publisher</marc:subfield>
      <marc:subfield code="v">1.2</marc:subfield>
      <marc:subfield code="x">Schweden</marc:subfield>
   </marc:datafield>
   <marc:datafield ind1="2" ind2=" " tag="926">
      <marc:subfield code="a">5AC</marc:subfield>
      <marc:subfield code="o">98</marc:subfield>
      <marc:subfield code="q">Publisher</marc:subfield>
      <marc:subfield code="v">1.2</marc:subfield>
      <marc:subfield code="x">empfohlenes Alter: ab 3 Jahre</marc:subfield>
   </marc:datafield>
   <marc:datafield ind1="2" ind2=" " tag="926">
      <marc:subfield code="a">YBCH</marc:subfield>
      <marc:subfield code="o">93</marc:subfield>
      <marc:subfield code="q">Publisher</marc:subfield>
      <marc:subfield code="v">1.2</marc:subfield>
      <marc:subfield code="x">Bilderbücher: Menschen, Figuren, Charaktere</marc:subfield>
   </marc:datafield>
</marc:record>
